सामाजिक यथार्थ: (Record no. 51094)
[ view plain ]
| 000 -LEADER | |
|---|---|
| fixed length control field | 01296nam a22002777a 4500 |
| 005 - DATE AND TIME OF LATEST TRANSACTION | |
| control field | 20110201162643.0 |
| 008 - FIXED-LENGTH DATA ELEMENTS--GENERAL INFORMATION | |
| fixed length control field | 110127t xxu||||| |||| 00| 0 hin d |
| 010 ## - LCCN (DPL NO) | |
| LC control number | HIN-92002 |
| 020 ## - INTERNATIONAL STANDARD BOOK NUMBER | |
| Terms of availability | 200.00 |
| International Standard Book Number | 81887962627 |
| 035 ## - SYSTEM CONTROL NUMBER | |
| System control number | HN-64348 |
| 037 ## - SOURCE OF ACQUISITION | |
| Source of stock number/acquisition | DBAD / PUB |
| 040 ## - CATALOGING SOURCE | |
| Original cataloging agency | DPL |
| Language of cataloging | HN |
| 082 ## - DEWEY DECIMAL CLASSIFICATION NUMBER | |
| Classification number | 824.08 |
| 100 ## - MAIN ENTRY--PERSONAL NAME | |
| 9 (RLIN) | 25632 |
| Personal name | कोटडिंया, गुलाबचन्द |
| 245 ## - TITLE STATEMENT | |
| Title | सामाजिक यथार्थ: |
| Statement of responsibility, etc | गुलाबचन्द कोटडिंया |
| Remainder of title | निबंध संग्रह / |
| 246 ## - VARYING FORM OF TITLE | |
| Title proper/short title | Samajeek Yatharth |
| Remainder of title | by Guiabchand kotadia |
| 260 ## - PUBLICATION, DISTRIBUTION, ETC. (IMPRINT) | |
| Place of publication, distribution, etc | कैथल |
| Name of publisher, distributor, etc | सुकीर्ति प्रकाशन |
| Date of publication, distribution, etc | 2011 |
| 270 ## - ADDRESS | |
| Address | डी.सी. निवास के सामने, करनाल रोडं |
| City | कैथल (हरियाणा) |
| Postal code | 136027 |
| Telephone number | 01746-235862 ,09215897365 |
| 300 ## - PHYSICAL DESCRIPTION | |
| Extent | 176पृ. |
| Dimensions | 22सेमी (सजिल्द) |
| 650 ## - SUBJECT ADDED ENTRY--TOPICAL TERM | |
| 9 (RLIN) | 657 |
| Topical term or geographic name as entry element | हिन्दी निबंध |
| 650 ## - SUBJECT ADDED ENTRY--TOPICAL TERM | |
| 9 (RLIN) | 25656 |
| Topical term or geographic name as entry element | Hindi Essay |
| 700 ## - ADDED ENTRY--PERSONAL NAME | |
| 9 (RLIN) | 25634 |
| 700 ## - ADDED ENTRY--PERSONAL NAME | |
| 9 (RLIN) | 25670 |
| 942 ## - ADDED ENTRY ELEMENTS (KOHA) | |
| Source of classification or shelving scheme | Dewey Decimal Classification |
| Item type | Hindi Books |
| Classification part | 824.08 |
| Call number suffix | कोटडिं |
| Withdrawn status | Lost status | Source of classification or shelving scheme | Damaged status | Not for loan | Collection code | Home library | Current library | Date acquired | Source of acquisition | Cost, normal purchase price | Total Checkouts | Full call number | Barcode | Date last seen | Copy number | Cost, replacement price | Koha item type |
|---|---|---|---|---|---|---|---|---|---|---|---|---|---|---|---|---|---|
| Dewey Decimal Classification | Not For Loan | Non-fiction | D.B.Act.Division | D.B.Act.Division | 16/03/2011 | DBAD / PUB | 200.00 | 824 .08कोटडिं | HN-64348 | 16/03/2011 | 175.00 | 200.00 | Hindi Books |
